| 000 | 00683cam a22002291 4500 | ||
|---|---|---|---|
| 001 | af 48003883 | ||
| 003 | DLC | ||
| 005 | 20260227110905.0 | ||
| 008 | 890424s1942 be b 000 0bdut c | ||
| 010 | _aaf 48003883 | ||
| 035 | _a(OCoLC)19591431 | ||
| 040 |
_aCalifornia. Univ. Libr. _cCU _dCU _dDLC |
||
| 042 | _apremarc | ||
| 050 | 0 | 0 |
_aPT6458.V44 _bZ7 1942 |
| 100 | 1 | _aBussche, R. V. vanden. | |
| 245 | 0 | 0 |
_aCyriel Verschaeve, _bzijn levenshouding en zijn kunstenaarschap. |
| 260 |
_aBrugge, _bZeemeeuw, _c1942. |
||
| 300 |
_a149 p. _c25 cm. |
||
| 500 | _aIssued also as thesis, Louvain. | ||
| 504 | _a"Bibliographie": p. 145-149. | ||
| 600 | 1 | 0 |
_aVerschaeve, Cyriel, _d1874-1949. |
| 999 |
_c5809 _d5809 |
||